| Tag |
First Indicator |
Second Indicator |
Subfields |
| LEADER |
00000cam a22000008i 4500 |
| 001 |
in00003504607 |
| 005 |
20151206123036.0 |
| 008 |
140718s2014 nyua b 001 0 eng |
| 010 |
|
|
|a 2014028152
|
| 019 |
|
|
|a 870919771
|
| 020 |
|
|
|a 9781594206146
|
| 020 |
|
|
|a 1594206147
|
| 029 |
1 |
|
|a NZ1
|b 15656431
|
| 035 |
|
|
|a (OCoLC)ocn889630207
|
| 035 |
|
|
|a (OCoLC)889630207
|
| 040 |
|
|
|a DLC
|b eng
|e rda
|c DLC
|d VPW
|d CGP
|d BUR
|d ZHB
|d YDXCP
|d VP@
|d BTCTA
|d CCE
|d JBL
|d ABG
|d SINLB
|d OCLCO
|d TWC
|d UtOrBLW
|
| 042 |
|
|
|a pcc
|
| 049 |
|
|
|a TXAM
|
| 050 |
1 |
4 |
|a JZ1242
|b .K54 2014
|
| 082 |
0 |
4 |
|a 327
|2 23
|
| 100 |
1 |
|
|a Kissinger, Henry,
|d 1923-
|e author.
|
| 245 |
1 |
0 |
|a World order /
|c Henry Kissinger.
|
| 264 |
|
1 |
|a New York :
|b Penguin Press,
|c 2014.
|
| 300 |
|
|
|a 420 pages :
|b illustrations ;
|c 25 cm
|
| 336 |
|
|
|a text
|b txt
|2 rdacontent
|
| 337 |
|
|
|a unmediated
|b n
|2 rdamedia
|
| 338 |
|
|
|a volume
|b nc
|2 rdacarrier
|
| 504 |
|
|
|a Includes bibliographical references (pages 379-403) and index.
|
| 505 |
0 |
|
|a Europe: the pluralistic international order -- The European balance-of-power system and its end -- Islamism and the Middle East: a world in disorder -- The United States and Iran: approaches to order -- The multiplicity of Asia -- Toward an Asian order: confrontation or partnership -- "Acting for all mankind": the United States and its concept of order -- The United States: ambivalent superpower -- Technology, equilibrium, and human consciousness.
|
| 520 |
|
|
|a Kissinger offers his analysis of the twenty-first century's ultimate challenge: how to build a shared international order in a world of divergent historic perspectives, violent conflict, proliferating technology, and ideological extremism.
|
| 650 |
|
0 |
|a World politics
|y 21st century.
|
| 650 |
|
0 |
|a Security, International.
|
| 938 |
|
|
|a YBP Library Services
|b YANK
|n 11668515
|
| 938 |
|
|
|a Baker and Taylor
|b BTCP
|n BK0014524689
|
| 947 |
|
|
|a A14840361249
|
| 945 |
|
|
|a PromptCat
|b 910736
|
| 946 |
|
|
|a stk
|
| 948 |
|
|
|a cataloged
|b h
|c 2014/10/6
|d c
|e kwilliams
|f 10:56:59 am
|
| 994 |
|
|
|a 92
|b TXA
|
| 999 |
|
|
|a MARS
|
| 999 |
f |
f |
|s 90e32078-22b4-3472-8a74-d0fdaf239e50
|i d4732650-1014-3056-92a7-feceb664aaf0
|t 0
|
| 952 |
f |
f |
|p normal
|a Texas A&M University
|b College Station
|c Sterling C. Evans Library
|s Evans stk
|d Evans: Library Stacks
|t 0
|e JZ1242 .K54 2014
|h Library of Congress classification
|i unmediated -- volume
|m A14840361249
|
| 998 |
f |
f |
|a JZ1242 .K54 2014
|t 0
|l Evans: Library Stacks
|